Đổi mới chính sách đất đai ở Việt Nam từ lý thuyết đến thực tiễn : Sách tham khảo
Phân tích quá trình đổi mới chính sách đất đai, vấn đề quyền tài sản trong quyền sử dụng đất; một số sai phạm trong quản lý đất đai; phân hoá tong tiếp cận quyền sử dụng đất; chuyển đổi sinh kế của nông dân, trường hợp một làng ven đo...
محفوظ في:
| المؤلف الرئيسي: | |
|---|---|
| التنسيق: | كتاب |
| اللغة: | Undetermined |
| منشور في: |
Hà Nội
Chính trị Quốc gia
2010
|
| الموضوعات: | |
| الوسوم: |
إضافة وسم
لا توجد وسوم, كن أول من يضع وسما على هذه التسجيلة!
|
| Thư viện lưu trữ: | Trung tâm Học liệu Trường Đại học Cần Thơ |
|---|
| LEADER | 01141nam a2200229Ia 4500 | ||
|---|---|---|---|
| 001 | CTU_173847 | ||
| 008 | 210402s9999 xx 000 0 und d | ||
| 020 | |c 42000 | ||
| 082 | |a 346.59704 | ||
| 082 | |b S566 | ||
| 100 | |a Nguyễn, Văn Sửu | ||
| 245 | 0 | |a Đổi mới chính sách đất đai ở Việt Nam từ lý thuyết đến thực tiễn : | |
| 245 | 0 | |b Sách tham khảo | |
| 245 | 0 | |c Nguyễn Văn Sửu | |
| 260 | |a Hà Nội | ||
| 260 | |b Chính trị Quốc gia | ||
| 260 | |c 2010 | ||
| 520 | |a Phân tích quá trình đổi mới chính sách đất đai, vấn đề quyền tài sản trong quyền sử dụng đất; một số sai phạm trong quản lý đất đai; phân hoá tong tiếp cận quyền sử dụng đất; chuyển đổi sinh kế của nông dân, trường hợp một làng ven đô Hà Nội. | ||
| 650 | |a Land use,Sử dụng đất | ||
| 650 | |z Vietnam,Việt Nam | ||
| 904 | |i Nguyễn Trung Hiếu, Hải | ||
| 980 | |a Trung tâm Học liệu Trường Đại học Cần Thơ | ||